La palabra del presidente Belaúnde : (Record no. 13436)

000 -CABECERA
fixed length control field 00895nam a22002177a 4500
003 - IDENTIFICADOR DEL NÚMERO DE CONTROL
control field AR-CdUCM
008 - DATOS DE LONGITUD FIJA--INFORMACIÓN GENERAL
fixed length control field 190415b ||||| |||| 00| 0 spa d
040 ## - FUENTE DE LA CATALOGACIÓN
Agencia/entidad que catalogó originalmente la obra MUNICIPALIDAD PROVINCIAL DEL CUSCO
Entidad que transcribió la catalogación BIBLIOTECA MUNICIPAL DEL CUSCO
082 ## - NÚMERO DE LA CLASIFICACIÓN DECIMAL DEWEY
No. de Clasificación 985.072 /
Notacion interna B35
110 ## - ENTRADA PRINCIPAL--NOMBRE DE ENTIDAD CORPORATIVA
Nombre de la institución, jurisdicción como entrada principal Secretaria de prensa de la presidencia de la república
9 (RLIN) 31856
245 ## - MENCIÓN DE TÍTULO
Título La palabra del presidente Belaúnde :
Resto del título discursos y declaraciones del presidente de la república, arquitecto Fernando Belaúnde Terry /
260 ## - PUBLICACIÓN, DISTRIBUCIÓN, ETC.
Lugar de publicación, distribución, etc. Lima :
Nombre de la editorial, distribuidor, etc. Editora Perú,
Fecha de publicación, distribución, etc. 1981.
300 ## - DESCRIPCIÓN FÍSICA
Nº de Páginas Extensión 10 volumenes ;
Otros detalles físicos Fotografías,
Dimensiones 20 cm.
505 ## - NOTA DE CONTENIDO CON FORMATO
Nota de contenido formateada Contenido: v.6: Enero - Febrero 1981 -- v.8: Junio - Agosto 1981 -- v.10: Julio - Diciembre 1982 / Enero - Junio 1983.
650 ## - PUNTO DE ACCESO ADICIONAL DE MATERIA--TÉRMINO DE MATERIA
Descriptor Discursos presidenciales
9 (RLIN) 31857
650 ## - PUNTO DE ACCESO ADICIONAL DE MATERIA--TÉRMINO DE MATERIA
Descriptor Belaunde
9 (RLIN) 3876
650 ## - PUNTO DE ACCESO ADICIONAL DE MATERIA--TÉRMINO DE MATERIA
Descriptor Perú
9 (RLIN) 35
942 ## - ELEMENTOS DE PUNTO DE ACCESO ADICIONAL (KOHA)
Fuente de clasificación
Tipo de item Libros-BMC
945 ## - PROCESAMIENTO DE INFORMACIÓN LOCAL (OCLC)
Catalogador davv
AAAA-MM-DD - Fecha de ingreso o modificacion 15/04/2019
Holdings
Estado de retiro (separado) Fuente de clasificación o esquema de estanterías Estado dañado Ubicación Sala donde se ubica Nombre de la colección Fecha de adquisición o compra Costo, precio normal en soles Signatura topográfica Código de Barras Última vez visto (Koha) Tipo de ítem (Koha)
No     Sala Humanidades Sala Humanidades Book Cart 2019-04-15 20.00 985.072 / B35 / v.8 SH0000010694 2019-04-15 Libros-BMC
No     Sala Humanidades Sala Humanidades Book Cart 2019-04-15 20.00 985.072 / B35 / v.6 SH0000010703 2019-04-15 Libros-BMC
No     Sala Humanidades Sala Humanidades Book Cart 2019-04-15 20.00 985.072 / B35 / v.10 SH0000010704 2019-04-15 Libros-BMC
No     Sala Humanidades Sala Humanidades Book Cart 2019-07-24   985.072 / B35 / v.9 SH0000002474 2019-07-24 Libros-BMC

Powered by Koha